|
|
|
|
| LEADER |
00000nam a2200000 i 4500 |
| 001 |
1/33559 |
| 008 |
130731s2012 gr ||| ||gre|| |
| 020 |
|
|
|a 9789608065888
|
| 035 |
|
|
|l 10115114
|
| 040 |
|
|
|a GR-MY-UA
|b gre
|e aacr
|
| 041 |
0 |
|
|a gre
|
| 082 |
7 |
|
|a 370.117
|2 (22)
|
| 100 |
1 |
|
|a Τσοκαλίδου, Πετρούλα.
|
| 245 |
1 |
0 |
|a Χώρος για δύο :
|b θέματα διγλωσσίας και εκπαίδευσης /
|c Ρούλα Τσοκαλίδου.
|
| 260 |
|
|
|a Θεσσαλονίκη :
|b Ζυγός,
|c 2012.
|
| 300 |
|
|
|a 192 σ. :
|b εικ. ;
|c 21 εκ.
|
| 504 |
|
|
|a Βιβλιογραφία: σ. [141]-159.
|
| 650 |
0 |
0 |
|a Bilingualism.
|
| 650 |
0 |
0 |
|a Education, Bilingual.
|
| 650 |
0 |
0 |
|a Language and education.
|
| 852 |
|
|
|a INST
|b RHODES
|e 20130731
|h 370.117 ΤΣΟ
|p 005400035465
|q 005400035465
|t BK
|y 0
|
| 852 |
|
|
|a INST
|b RHODES
|c EUDOXUS
|e 20160422
|h 370.117 ΤΣΟ
|p 005400038397
|q 005400038397
|t EDX
|y 0
|
| 852 |
|
|
|a INST
|b RHODES
|c EUDOXUS
|e 20160422
|h 370.117 ΤΣΟ
|p 005400038398
|q 005400038398
|t EDX
|y 0
|
| 901 |
|
|
|a BIBL4-2013-2
|
| 909 |
|
|
|a Ρ
|b 179565
|
| 920 |
|
|
|a Εύδοξος
|b Παραγγελία
|y Ρόδος-ΠΤΔΕ
|z 2016-04
|
| 922 |
|
|
|a 4ΕΛΗ
|b 201307
|c ΤΑΚ/ΠΤΔΕ
|d BEST BOOK HUNTERS
|
| 970 |
|
|
|z 2013/07/31
|